LEADER 01249nam--2200397---450- 001 990003411210203316 005 20100610135830.0 010 $a88-217-2424-7 035 $a000341121 035 $aUSA01000341121 035 $a(ALEPH)000341121USA01 035 $a000341121 100 $a20100610d2006----km-y0itay50------ba 101 $aita 102 $aIT 105 $a||||||||001yy 200 1 $a<> Codice delle pari opportunitą$etutele e sanzioni tra teoria e prassi$fSimonetta Di Biase, Pierluigi Rausei 210 $aMilanofiori Assago$cIPSOA$d2006 215 $a201 p.$d24 cm 225 2 $aDiritto & Pratica del Lavoro$v5 410 0$12001$aDiritto & Pratica del Lavoro$v, 5 454 1$12001 461 1$1001-------$12001 606 0 $aPari opportunitą$xDiritto del lavoro$2BNCF 676 $a344.01133 700 1$aDI BIASE,$bSimonetta$0607904 701 1$aRAUSEI,$bPierluigi$0509204 801 0$aIT$bsalbc$gISBD 912 $a990003411210203316 951 $aXXV.2.B. 315$b218903 LM.$cXXV.2.B.$d00259320 959 $aBK 969 $aGIU 979 $aFIORELLA$b90$c20100610$lUSA01$h1323 979 $aFIORELLA$b90$c20100610$lUSA01$h1358 996 $aCodice delle pari opportunitą$91125584 997 $aUNISA LEADER 01418nam--2200385---450- 001 990002408550203316 005 20150930092658.0 035 $a000240855 035 $aUSA01000240855 035 $a(ALEPH)000240855USA01 035 $a000240855 100 $a20050317d1998----km-y0itay0103----ba 101 0 $aita 102 $aIT 105 $a||||||||001yy 200 1 $aCatalogo del fondo musicale della Biblioteca Capitolare di Padova$fAntonio Lovato$gla redazione e stata curata da Alberto Zanotelli 210 $aVenezia$cFondazione Levi$d1998 215 $aLXXIV, 1052 p.$d24 cm 225 2 $aFondazione Levi Ser. 3, Studimusicologici C, Cataloghi e bibliografie$v5 300 $aIn testa al fronepizio: Giunta Regionale del Veneto - Fondazione Levi 410 0$12001$aFondazione Levi Ser. 3, Studimusicologici C, Cataloghi e bibliografie 606 0 $aManoscritti musicali$xCataloghi$zSec. 16.-20. 676 $a016.78 700 1$aLOVATO,$bAntonio$0321591 702 $aZANOTELLI,$bAlberto 801 0$aIT$bsalbc$gISBD 912 $a990002408550203316 951 $aXVII A. 520$b3115 DLAS$cXVII A.$d00346164 959 $aBK 969 $aCAS 979 $aDLAS$b10$c20050317$lUSA01$h1115 979 $aPASSARO$b90$c20150930$lUSA01$h0925 979 $aPASSARO$b90$c20150930$lUSA01$h0926 996 $aCatalogo del fondo musicale della Biblioteca Capitolare di Padova$91065187 997 $aUNISA